00523nam a2200133 a 450000100100000000500170001000800410002704000250006808200150009311000710010824501100017926000740028930000260036300003042120200930062314.0110517s2001 dr a 000 | spa d aDO-SdBNPbspacBNPHU axxxbC733p2 aComisión Permanente Efemérides Patria. Comité La Barranquita10aPrograma oficial de los actos para la celebracion del 85 aniversario de la batalla La Barquita 1916-2001. aSanto Domingo :bComisión Permanente de Efemérides Patria,c2001. a8 p. :bil. ;c22 cm.